<?xml version="1.0" encoding="UTF-8"?>
<collection xmlns="http://www.loc.gov/MARC21/slim">
 <record>
  <leader>01525aam a22002298a 4500</leader>
  <controlfield tag="001">NCT_145445</controlfield>
  <controlfield tag="008">090916s2009                  ||||||viesd</controlfield>
  <datafield tag="999" ind1=" " ind2=" ">
   <subfield code="c">7491</subfield>
   <subfield code="d">7491</subfield>
  </datafield>
  <datafield tag="020" ind1=" " ind2=" ">
   <subfield code="a">978-604-82-7050-6</subfield>
  </datafield>
  <datafield tag="082" ind1="0" ind2="4">
   <subfield code="2">23rd ed.</subfield>
   <subfield code="a">690.383</subfield>
   <subfield code="b">H407</subfield>
  </datafield>
  <datafield tag="100" ind1="1" ind2=" ">
   <subfield code="a">Nguyễn Huy Hoàng</subfield>
  </datafield>
  <datafield tag="245" ind1="1" ind2="0">
   <subfield code="a">Nhà ở cao tầng trong đô thị :</subfield>
   <subfield code="b">Sử dụng - những nguy cơ tiềm ẩn - giải pháp</subfield>
   <subfield code="c">Nguyễn Huy Hoàng</subfield>
  </datafield>
  <datafield tag="260" ind1=" " ind2=" ">
   <subfield code="a">H.</subfield>
   <subfield code="b">Xây Dựng</subfield>
   <subfield code="c">2022</subfield>
  </datafield>
  <datafield tag="300" ind1=" " ind2=" ">
   <subfield code="a">150 tr.</subfield>
   <subfield code="b">Minh họa</subfield>
   <subfield code="c">21cm</subfield>
  </datafield>
  <datafield tag="520" ind1="3" ind2=" ">
   <subfield code="a">Sách trình bày thực trạng về nhà ở cao tầng tại đô thị; quá trình vận hành, sử dụng và những nguy cơ tiềm ẩn tại nhà ở cao tầng; kết luận và khuyến nghị đối với con người sống tại nhà ở cao tầng.</subfield>
  </datafield>
  <datafield tag="653" ind1=" " ind2=" ">
   <subfield code="a">Xây dựng</subfield>
  </datafield>
  <datafield tag="942" ind1=" " ind2=" ">
   <subfield code="2">ddc</subfield>
   <subfield code="c">BK</subfield>
  </datafield>
  <datafield tag="952" ind1=" " ind2=" ">
   <subfield code="0">0</subfield>
   <subfield code="1">0</subfield>
   <subfield code="2">ddc</subfield>
   <subfield code="4">0</subfield>
   <subfield code="6">690_383000000000000_H407</subfield>
   <subfield code="7">0</subfield>
   <subfield code="9">26911</subfield>
   <subfield code="a">000001</subfield>
   <subfield code="b">000001</subfield>
   <subfield code="d">2023-03-27</subfield>
   <subfield code="o">690.383 H407</subfield>
   <subfield code="p">MD.21112</subfield>
   <subfield code="r">2023-03-27</subfield>
   <subfield code="w">2023-03-27</subfield>
   <subfield code="y">BK</subfield>
  </datafield>
  <datafield tag="952" ind1=" " ind2=" ">
   <subfield code="0">0</subfield>
   <subfield code="1">0</subfield>
   <subfield code="2">ddc</subfield>
   <subfield code="4">0</subfield>
   <subfield code="6">690_383000000000000_H407</subfield>
   <subfield code="7">0</subfield>
   <subfield code="9">26912</subfield>
   <subfield code="a">000001</subfield>
   <subfield code="b">000001</subfield>
   <subfield code="d">2023-03-27</subfield>
   <subfield code="o">690.383 H407</subfield>
   <subfield code="p">MD.21113</subfield>
   <subfield code="r">2023-03-27</subfield>
   <subfield code="w">2023-03-27</subfield>
   <subfield code="y">BK</subfield>
  </datafield>
  <datafield tag="952" ind1=" " ind2=" ">
   <subfield code="0">0</subfield>
   <subfield code="1">0</subfield>
   <subfield code="2">ddc</subfield>
   <subfield code="4">0</subfield>
   <subfield code="6">690_383000000000000_H407</subfield>
   <subfield code="7">0</subfield>
   <subfield code="9">26913</subfield>
   <subfield code="a">000001</subfield>
   <subfield code="b">000001</subfield>
   <subfield code="d">2023-03-27</subfield>
   <subfield code="o">690.383 H407</subfield>
   <subfield code="p">MD.21114</subfield>
   <subfield code="r">2023-03-27</subfield>
   <subfield code="w">2023-03-27</subfield>
   <subfield code="y">BK</subfield>
  </datafield>
  <datafield tag="952" ind1=" " ind2=" ">
   <subfield code="0">0</subfield>
   <subfield code="1">0</subfield>
   <subfield code="2">ddc</subfield>
   <subfield code="4">0</subfield>
   <subfield code="6">690_383000000000000_H407</subfield>
   <subfield code="7">0</subfield>
   <subfield code="9">26914</subfield>
   <subfield code="a">000001</subfield>
   <subfield code="b">000001</subfield>
   <subfield code="d">2023-03-27</subfield>
   <subfield code="o">690.383 H407</subfield>
   <subfield code="p">MD.21115</subfield>
   <subfield code="r">2023-03-27</subfield>
   <subfield code="w">2023-03-27</subfield>
   <subfield code="y">BK</subfield>
  </datafield>
  <datafield tag="980" ind1=" " ind2=" ">
   <subfield code="a">Thư viện Trường Đại học Nam Cần Thơ</subfield>
  </datafield>
 </record>
</collection>
